[Event "Goch op 24th"]
[Site "Goch"]
[Date "2013.09.08"]
[Round "6"]
[White "Stahl, Matthias"]
[Black "Coenen, Michael"]
[Result "0-1"]
[WhiteElo "1917"]
[BlackElo "2294"]
[PlyCount "46"]
[EventDate "2013.09.05"]
[EventType "swiss"]
[EventRounds "7"]
[EventCountry "GER"]
[SourceTitle "EXT 2015"]
[Source "ChessBase"]
[SourceDate "2014.11.20"]
[SourceVersion "1"]
[SourceVersionDate "2014.11.20"]
[SourceQuality "1"]

1. d4 Nf6 2. Nf3 b6 3. g3 Bb7 4. Bg2 e6 5. 0-0 c5 6. e3 Be7 7. c4 0-0 8. Nc3 Ne4 9. Ne5 Nxc3 10. bxc3 Qc7 11. Bxb7 Qxb7 12. Qf3 Qxf3 13. Nxf3 Nc6 14. Ne5 Na5 15. Nxd7 Rfd8 16. Ne5 Bf6 17. Ng4 Nxc4 18. Nxf6+ gxf6 19. Rd1 e5 20. f3 Rd6 21. Bd2 Rad8 22. Kf2 f5 23. Rac1 Nb2 0-1

[Event "Goch op 24th"]
[Site "Goch"]
[Date "2013.09.05"]
[Round "1"]
[White "Podzielny, Karl Heinz"]
[Black "Stahl, Matthias"]
[Result "1-0"]
[WhiteElo "2438"]
[BlackElo "1917"]
[PlyCount "63"]
[EventDate "2013.09.05"]
[EventType "swiss"]
[EventRounds "7"]
[EventCountry "GER"]
[SourceTitle "EXT 2015"]
[Source "ChessBase"]
[SourceDate "2014.11.20"]
[SourceVersion "1"]
[SourceVersionDate "2014.11.20"]
[SourceQuality "1"]

1. d4 d5 2. Nf3 Nf6 3. c4 c6 4. Nc3 e6 5. Bg5 Nbd7 6. cxd5 exd5 7. e3 Qa5 8. Bd3 Bb4 9. Qc2 h6 10. Bf4 Bxc3+ 11. bxc3 b6 12. Ne5 Bb7 13. Bf5 Nxe5 14. Bxe5 Bc8 15. 0-0 Ke7 16. a4 Qa6 17. Bd3 Qb7 18. f3 Ne8 19. e4 f6 20. Bg3 Qd7 21. exd5 cxd5 22. Rfe1+ Kd8 23. Bb5 Qb7 24. Qg6 Bd7 25. Qf7 Bc6 26. Qe6 Bxb5 27. axb5 Qd7 28. Qxb6+ axb6 29. Rxa8+ Qc8 30. Rxc8+ Kxc8 31. Re7 Rg8 32. Kf2 1-0

[Event "Dortmund Sparkassen op-B"]
[Site "Dortmund"]
[Date "2011.07.27"]
[Round "5"]
[White "Wichtrup, Jan Louis"]
[Black "Stahl, Matthias"]
[Result "0-1"]
[WhiteElo "1515"]
[BlackElo "1917"]
[PlyCount "66"]
[EventDate "2011.07.23"]
[EventType "swiss"]
[EventRounds "9"]
[EventCountry "GER"]
[SourceTitle "EXT 2013"]
[Source "ChessBase"]
[SourceDate "2012.11.22"]
[SourceVersion "1"]
[SourceVersionDate "2012.11.22"]
[SourceQuality "1"]

1. Nf3 Nf6 2. d4 d5 3. c4 c6 4. e3 e6 5. Nbd2 Nbd7 6. Bd3 Bd6 7. b3 0-0 8. Bb2 Re8 9. 0-0 e5 10. dxe5 Nxe5 11. Nxe5 Bxe5 12. Bxe5 Rxe5 13. Nf3 Re8 14. Qc2 h6 15. Rfd1 Bg4 16. Be2 Qe7 17. h3 Bh5 18. Rac1 Rad8 19. Nd4 Bg6 20. Qb2 c5 21. Nf3 d4 22. Nxd4 cxd4 23. Rxd4 Rxd4 24. Qxd4 b6 25. Rd1 Qa3 26. Rd2 Ne4 27. Rb2 Re6 28. Bf3 Rd6 29. Qe5 f6 30. Qf4 Qxb2 31. Bxe4 Rd1+ 32. Kh2 Bxe4 33. Qxe4 Qe5+ 0-1